Normal view
MARC view
Entry Personal Name
001 - CONTROL NUMBER
- control field: 282
003 - CONTROL NUMBER IDENTIFIER
- control field: OSt
005 - DATE AND TIME OF LATEST TRANSACTION
- control field: 20241025065447.0
008 - FIXED-LENGTH DATA ELEMENTS
- fixed length control field: 241025|| aca||aabn | a|a d
040 ## - CATALOGING SOURCE
- Original cataloging agency: OSt
- Transcribing agency: OSt
100 ## - HEADING--PERSONAL NAME
- Personal name: Tenney, Merrill C.
- Fuller form of name: (Merrill Chapin),
- Dates associated with a name: 1904-1985
670 ## - SOURCE DATA FOUND
- Source citation: Work cat.: (OSt)11203: Tenney, Merrill C. (Merrill Chapin), 1904-1985. https://id.loc.gov/authorities/names/n79066582, New Testament survey /
